00543nam a2200145 a 450000100100000000500170001000800410002704000250006810000280009324500950012126000380021630000210025495201050027599900170038000004164820201002035703.0131015s19uu dr 000 0 spa d aDO-SdBNPbspacBNPHU1 aRamos, J. Rafael96843613aLa riqueza atraves del pensamiento :bcambie de la noche a la mañana /cJ. Rafael Ramos. a[Santo Domingo ] :bMaxy,c190?]. a134 p. ;c18 cm. 0010718PDaPDbPDcCTd2013-10-15iLF1l0o p41648-10r2020-06-25w2020-06-25yLFPDZNo se presta c41138d41138